[Event "SVK-chT U20 final"]
[Site "Banska Bystrica"]
[Date "2019.05.12"]
[Round "5.3"]
[White "Brnusak, Tomas"]
[Black "Mindek, Matus"]
[Result "1-0"]
[WhiteElo "1976"]
[BlackElo "1379"]
[PlyCount "55"]
[EventDate "2019.05.10"]
[EventType "team-tourn"]
[EventRounds "5"]
[EventCountry "SVK"]
[SourceTitle "EXT 2020"]
[Source "ChessBase"]
[SourceDate "2019.10.17"]
[SourceVersion "1"]
[SourceVersionDate "2019.10.17"]
[SourceQuality "1"]
[WhiteTeam "Liptov Chess School"]
[BlackTeam "Nitra NSK Junior"]
[WhiteTeamCountry "SVK"]
[BlackTeamCountry "SVK"]

1. d4 d5 2. c4 e6 3. Nc3 Nf6 4. cxd5 Nxd5 5. e4 Nxc3 6. bxc3 Be7 7. f4 b6 8. Bb5+ c6 9. Bd3 Bb7 10. Nf3 Nd7 11. 0-0 0-0 12. e5 c5 13. f5 exf5 14. Bxf5 cxd4 15. cxd4 Re8 16. e6 fxe6 17. Bxe6+ Kh8 18. Qa4 Bc8 19. Qc6 Rb8 20. Bf4 Rb7 21. Rac1 Bf6 22. Rfe1 Rf8 23. Bc7 Qe8 24. Bd6 Be7 25. Bxd7 Rxd7 26. Rxe7 Rxe7 27. Bxe7 Qxe7 28. Qxc8 1-0

[Event "SVK-chT U20 final"]
[Site "Banska Bystrica"]
[Date "2019.05.12"]
[Round "4.3"]
[White "Mindek, Matus"]
[Black "Sandor, Samuel"]
[Result "0-1"]
[WhiteElo "1379"]
[BlackElo "1808"]
[PlyCount "78"]
[EventDate "2019.05.10"]
[EventType "team-tourn"]
[EventRounds "5"]
[EventCountry "SVK"]
[SourceTitle "EXT 2020"]
[Source "ChessBase"]
[SourceDate "2019.10.17"]
[SourceVersion "1"]
[SourceVersionDate "2019.10.17"]
[SourceQuality "1"]
[WhiteTeam "Nitra NSK Junior"]
[BlackTeam "Michalovce Zemplin Junior"]
[WhiteTeamCountry "SVK"]
[BlackTeamCountry "SVK"]

1. e4 b6 2. d4 Bb7 3. Nc3 e6 4. Nf3 Bb4 5. Bd3 Nf6 6. Qe2 d5 7. e5 Ne4 8. Bd2 Nxd2 9. Nxd2 c5 10. Qg4 0-0 11. Nf3 f5 12. Qf4 Nc6 13. 0-0 cxd4 14. Nxd4 Nxd4 15. Qxd4 Bc5 16. Qf4 d4 17. Na4 Qd5 18. f3 Be7 19. b3 b5 20. Nb2 Kh8 21. a3 a6 22. Rfe1 Rfd8 23. Qd2 g5 24. Qf2 Rg8 25. Bf1 Rac8 26. Re2 Rc3 27. Nd3 Rgc8 28. Ra2 a5 29. Kh1 a4 30. Nc1 axb3 31. Nxb3 d3 32. Rd2 Qxe5 33. Bxd3 Bd5 34. Re2 Qf4 35. Kg1 Bxb3 36. g3 Qc1+ 37. Re1 Bc5 38. Rxc1 Bxf2+ 39. Kxf2 Bxa2 0-1